| 000 | 01033nam a2200301Ia 4500 | ||
|---|---|---|---|
| 001 | 12693 | ||
| 003 | IT-RoPAU | ||
| 008 | 130308s9999 xx 000 0 und d | ||
| 040 | _aIT-RoPAU | ||
| 040 | _cIT-RoPAU | ||
| 041 | _aITALIANO | ||
| 100 | _aSanna Rinaldo | ||
| 100 | _gCodice Aut. SPICS: 1642 | ||
| 245 | _aAlcuni punti focali delle moderne tecnologie didattiche e dei sistemi C.A.I. nel quadro delle ricerche del laboratorio | ||
| 245 | _bProgrammazione tecnologica e Processi di Comunicazione | ||
| 250 | _a1a ed. | ||
| 260 | _aBOLOGNA | ||
| 260 | _bEnte Autonomo Fiere | ||
| 260 | _c1972 [1° Ed.:1972 - Ed.Ling.Originale:1972] | ||
| 300 | _a"7 p. (prefazione: no ; testo: 7 [pagine: 175-181])" | ||
| 500 | _aSchema e Blocchi di Processo Didattico Metodi di gruppo e Individuali Problema della Strumentazione Formalizzazioni Tecniche dell'Esposizione Visiva | ||
| 650 | _aISTRUZIONE PROGRAMMATA | ||
| 650 | _eCodice materia Spics: 4003 | ||
| 942 | _cBK | ||
| 957 | _71 | ||
| 999 |
_c46219 _d46219 |
||
| 999 | _bSI | ||
| 999 | _g1 | ||